| 000 | 00354nam a22001457a 4500 | ||
|---|---|---|---|
| 003 | OSt | ||
| 020 | _a9781412910040 | ||
| 082 |
_a158.3 _bELS/CO |
||
| 100 | _aJones-Smith, Elise | ||
| 245 | _aTheories of counselling and psychotherapy an integrative approach | ||
| 250 | _a1 | ||
| 260 |
_aNew Delhi _bSage _c2012 |
||
| 300 | _a663p. | ||
| 942 |
_2ddc _cREF |
||
| 999 |
_c178086 _d178086 |
||